000 00427nam a2200181Ia 4500
001 13200
005 20260306163036.0
008 260306t2008||||xx |||||||||||||| ||spa||
041 _aESP
082 _a001.42
_bB61
100 _aBlaxter, Loraine
_eAUT
245 0 _aCómo se hace una investigación
260 _c2008
300 _a351 páginas :
_c24 cm.
650 _aGEN
654 _aCHU
942 _cLIB
_dJUS
_fJUS
_2ddc
_n
999 _c13200
_d13200